Deň novej techniky odevného priemyslu zborník prednášok

Enregistré dans:
Détails bibliographiques
Format: Livre
Langue:slovaque
Publié: Žilina Dom techniky ČSVTS 1983
Tags: Ajouter un tag
Pas de tags, Soyez le premier à ajouter un tag!

MARC

LEADER 00000nam a2200000 4500
001 c115489
005 20181203150332.1
041 0 |a slo 
044 |a SK 
245 1 0 |a Deň novej techniky odevného priemyslu  |b zborník prednášok 
264 1 |a Žilina  |b Dom techniky ČSVTS  |c 1983 
300 |a 61 s.